Các nền văn minh thế giới Trung Quốc

Gespeichert in:
Bibliographische Detailangaben
1. Verfasser: Wiliams Brian
Weitere Verfasser: Trần Thư (dịch)
Format: Buch
Sprache:Vietnamese
Veröffentlicht: H. Nxb. Mỹ Thuật 2004
Schlagworte:
Tags: Tag hinzufügen
Keine Tags, Fügen Sie den ersten Tag hinzu!
Thư viện lưu trữ: Mạng thư viện Đại học Đà Nẵng
LEADER 01155nam a2200349 4500
001 000006946
003 3106
005 20120515080518.0
008 110923s2004 viesd
020 |c 42000đ 
041 0 |a vie 
082 |a 909  |b WI-B 
100 1 |a Wiliams Brian 
245 0 |a Các nền văn minh thế giới Trung Quốc  |c Wiliams Brian ; Trần Thư dịch 
260 |a H.  |b Nxb. Mỹ Thuật  |c 2004 
300 |a 47 tr  |b ảnh  |c 30 cm 
500 |a Dịch từ bản tiếng Pháp Les Chinois 
653 |a Các nền văn minh 
653 |a thế giới 
653 |a Trung Quốc cổ đại 
700 |a Trần Thư  |e dịch 
910 |a Nguyễn Thị Kim Oanh  |d 23/09/2011 
OWN |a LSP 
AVA |a UDN50  |b LSP  |d 909 WI-B  |e available  |t Error 5001 Not defined in file expand_doc_bib_avail.  |f 2  |g 0  |h N  |i 0  |k 1 
999 |a From the UDN01 
AVA |a UDN50  |b LSP  |d 909 WI-B  |e available  |t Error 5001 Not defined in file expand_doc_bib_avail.  |f 2  |g 0  |h N  |i 0  |k 1 
TYP |a Monograph 
TYP |a Printed language 
980 |a Mạng thư viện Đại học Đà Nẵng